Affective dimensions of content area reading (Record no. 62014)

MARC details
000 -CABECERA
campo de control de longitud fija 00592nam a2200217 a 4500
005 - FECHA Y HORA DE LA ÚLTIMA TRANSACCIÓN
campo de control 20210219152842.0
008 - ELEMENTOS DE LONGITUD FIJA--INFORMACIÓN GENERAL
campo de control de longitud fija 991125n 000 0 eng u
035 ## - NÚMERO DE CONTROL DEL SISTEMA
Número de control de sistema UPN01000063190
100 ## - ASIENTO PRINCIPAL--NOMBRE PERSONAL
Nombre de persona Frager, Alan M.
222 ## - TÍTULO CLAVE
Título clave JOURNAL OF READING
245 ## - MENCIÓN DE TÍTULO
Título Affective dimensions of content area reading
300 ## - DESCRIPCIÓN FÍSICA
Extensión 616-622
362 ## - FECHAS DE PUBLICACIÓN Y/O DESIGNACIÓN SECUENCIAL
Fecha de publicación y/o designación secuencial 1993 36, No. 8
505 ## - NOTA DE CONTENIDO CON FORMATO PREESTABLECIDO
Nota de contenido con formato Septiembre 1993
653 0# - TERMINO DE INDIZACION - NO CONTROLADO
Término no controlado LECTURA DEL AREA DEL CONTENIDO
653 0# - TERMINO DE INDIZACION - NO CONTROLADO
Término no controlado LIBROS DE TEXTO
653 0# - TERMINO DE INDIZACION - NO CONTROLADO
Término no controlado MOTIVACION DEL ESTUDIANTE
653 0# - TERMINO DE INDIZACION - NO CONTROLADO
Término no controlado PROCESOS DE LECTURA
904 ## - ELEMENTOS DE DATOS D LOCAL, LDD (RLIN)
a AC
b 001001
905 ## - TIPO DE MATERIAL
Tipo de material Articulo

No items available.